University Home | Library Home | Institutional Repository

From the Virginia plantation to the National Capitol, or, The first and only Negro representative in Congress from the Old Dominion. (Record no. 201213)

MARC details
000 -LEADER
fixed length control field 00771cam1a220020500 4500
001 - CONTROL NUMBER
control field qce01657507
005 - DATE AND TIME OF LATEST TRANSACTION
control field 20190830124600.0
008 - FIXED-LENGTH DATA ELEMENTS--GENERAL INFORMATION
fixed length control field 721005r19681894nyu eng u
035 ## - SYSTEM CONTROL NUMBER
System control number (Sirsi) r30463
035 ## - SYSTEM CONTROL NUMBER
System control number (QCAT)lss00301324
035 ## - SYSTEM CONTROL NUMBER
System control number (UPRA)qce01657507
040 ## - CATALOGING SOURCE
Modifying agency UPRA
100 1# - MAIN ENTRY--PERSONAL NAME
Personal name Langston, John Mercer, 1829-1897.
Dates associated with a name Langston, John Mercer, 1829-1897.
Linkage A94912.1
245 10 - TITLE STATEMENT
Title From the Virginia plantation to the National Capitol, or, The first and only Negro representative in Congress from the Old Dominion.
260 ## - PUBLICATION, DISTRIBUTION, ETC.
Place of publication, distribution, etc. New York :
Name of publisher, distributor, etc. Johnson Reprint Corp.,
Date of publication, distribution, etc. [1968, 1894]
490 0# - SERIES STATEMENT
Series statement Basic Afro-American Reprint Library
Linkage S21774.2
500 ## - GENERAL NOTE
General note Reprint of the 1894 ed.
949 ## - LOCAL PROCESSING INFORMATION (OCLC)
a E185.97
w lcc
i -34247
m MAIN
t BOOK
l ON-SHELF

No items available.

© 2026 - The University of Zambia Library - Koha v25.11